Science Quiz

Random Science or Math Quiz

Equation Painting Quiz Stats

 Plays Quiz Updated Jun 13, 2020

Support Sporcle.
Go Orange.
Score 0/13 Timer 08:00
1 Play Today
% Correct
x = 6
98.8%
x = 43
97.6%
x = 11
87%
x = 12
80.4%
x = 0.5
80.3%
x = 4
79.3%
x = 7
79.2%
x = 5
78.1%
x=1
78%
x = -2
76.9%
x = 3
76.6%
x = 119
75.8%
x = 3.5
67.8%

You're not logged in!

Compare scores with friends on all Sporcle quizzes.
OR
Log In
Forgot?

From the Vault

Television Shows In Threes

by MovieGuru

Great TV shows always come in threes.
Remove Ads.
Support Sporcle.
Get the best of Sporcle when you Go Orange. This ad-free experience offers more features, more stats, and more fun while also helping to support Sporcle. Thank you for becoming a member.

Show Comments

Extras

Top Quizzes Today


Score Distribution

Your Account Isn't Verified!

In order to create a playlist on Sporcle, you need to verify the email address you used during registration. Go to your Sporcle Settings to finish the process.

Report this User

Report this user for behavior that violates our Community Guidelines.

Details: